000 00857nam a2200277Ia 4500
003 OSt
005 20221006160205.0
006 a|||||r|||| 00| 0
007 ta
008 221006b |||||||| |||| 00| 0 eng d
020 _a9781933947501
_c
_29.00
024 _a44,566
037 _bGift, Korean Embassy
_cTextual
040 _aEASL
_cEASL
_beng
041 _2eng
_aeng
082 _aO495,1N68, Q1
100 _aAnthony brother,etc.
_9672319
245 0 _aWalking on awashing line
_b Poems of Kim seung-hee
260 _aIthaca
_bEast Asian Program Cornell University
_c2011
300 _a272p.
_ccm.
490 _v KEL
_aCornell East Asian series No.150
500 _aBilingual - English - Korean
650 _aKEL
942 _hO495,1N68, Q1
_cTEXL
_2CC
999 _c1112658
_d1112658